| 000 | 00596cam a22001932 4500 | ||
|---|---|---|---|
| 001 | 0000008883 | ||
| 005 | 20151217155836.0 | ||
| 008 | 080613s xx 000 0 eng d | ||
| 020 |
_a9966701915 : _cKES 270 |
||
| 040 |
_aKABU _cKABU |
||
| 100 | 1 |
_aKidombo, Pius K. _@0000159655 |
|
| 245 | 1 | 0 |
_aTargeting corruption : _bthe booming business / _cPius K. Kidombo. |
| 260 |
_aNairobi : _bSino printers and Publishers, _c2006. |
||
| 300 | _axi, 64 p. | ||
| 650 | 0 |
_aCorruption _zKenya. _@0000153218 |
|
| 908 | _a080613 | ||
| 950 | _@1 | ||
| 999 |
_c13136 _d13136 |
||